| 000 | 00572nam a2200193Ia 4500 | ||
|---|---|---|---|
| 008 | 240729s9999 xx 000 0 und d | ||
| 022 | _a2314-5765 | ||
| 245 | 0 | _aInternational Journal of Food Science | |
| 260 | _aUnited Kingdom | ||
| 260 | _bHindawi Limited | ||
| 650 | _a Chemical technology | ||
| 650 | _a Food processing and manufacture | ||
| 650 | _a Home economics | ||
| 650 | _a Nutrition. Foods and food supply | Technology | ||
| 650 | _aTechnology | ||
| 856 | _uhttps://doaj.org/toc/47cfc1ac283543eda31830b01bd33c01 | ||
| 942 | _2ddc | ||
| 942 | _cDOAJEJ | ||
| 999 |
_c71687 _d71687 |
||
| 945 |
_a1 _bMadushi Gamage _c1 _dMadushi Gamage |
||